000 01020nam a2200289 a 4500
001 904
003 BR-CuiBMT
005 20231201050405.0
008 230919s2007 mgba 000 0 por d
020 _a9788577000357
040 _aBR-CuiBMT
_cBR-CuiBMT
080 _a351.712
_22007
090 _a351.712
_bA469o
100 1 _aAltounian, Cláudio Sarian
245 1 0 _aObras públicas :
_blicitação, contratação, fiscalização e utilização /
_cCláudio Sarian Altounian ; prefácio Marcos Vinicios Vilaça.
260 _aBelo Horizonte :
_bFórum,
_c2007.
300 _a285 p. ;
_c24 cm
500 _aInformação retirada da folha de rosto: Atualizado até a Lei nº 11.439/06.
504 _aInclui bibliografia.
590 _aA Biblioteca possui a 2. reimpr. 2008.
650 _aDireito administrativo
_zBrasil
650 _aCronograma físico-financeiro
650 _aObras públicas
_xContratação
_zBrasil
650 _aContratação direta
650 _aObras públicas
_zAuditoria
942 _2udc
_cLV
999 _c904
_d904